000 00697nam a2200289Ia 4500
005 20260324133336.0
008 008 260324s9999 xx 000 0 eng d
020 _a9781315704401
037 _aEBOOK
040 _aCRL
040 _beng
040 _cCRL
041 _2eng
041 _aeng
084 _qCRL
100 _aJoel Jay Kassiola
_91192734
245 0 _aExplorations in Environmental Political Theory
245 0 _bThinking About What We Value
260 _bTaylor and Francis
260 _c2003
365 _a
365 _b230
856 _uhttp://www.taylorfrancis.com/books/9781315704401
942 _cEBOOK
999 _c1791670
_d1791670